| 000 | 00757cam a2200229 a 4500 | ||
|---|---|---|---|
| 001 | 2958633 | ||
| 005 | 20180131041450.0 | ||
| 008 | 910301s1991 nyua 000 0deng | ||
| 010 | _a 91002887 | ||
| 020 |
_a0395593026 : _c$40.00 |
||
| 040 |
_aDLC _cDLC _dDLC |
||
| 041 | _aeng | ||
| 043 | _ae-it--- | ||
| 080 | _a914.5804928 har | ||
| 082 | 0 | 0 |
_a914.5804928 har _220 |
| 100 | 1 | _a44 | |
| 101 | _aart | ||
| 245 | 1 | 4 |
_aThe islands of Italy : _cBarbara Grizzuti Harrison ; photos by Sheila Nardulli. |
| 906 |
_a7 _bcbc _corignew _d1 _eocip _f19 _gy-gencatlg |
||
| 942 |
_2ddc _cBK |
||
| 999 |
_c41343 _d41343 |
||